Technologie automatizovaného zpracování faktografických informací 1 množina unifikovaných údajů, pořizování vstupných dat, tvorba bází dat v systémech SESAM a USS

Salvato in:
Dettagli Bibliografici
Autore principale: Jančařík, Miloslav
Altri autori: Ptáčková, Lenka, Janatová, Sylva
Natura: Libro
Lingua:ceco
Pubblicazione: Praha Ústředí vědeckých, technických a ekonomických informací 1983
Tags: Aggiungi Tag
Nessun Tag, puoi essere il primo ad aggiungerne!!

MARC

LEADER 00000nam a2200000 4500
001 c129146
005 20251204121804.3
041 0 |a cze 
044 |a CZ 
245 1 0 |a Technologie automatizovaného zpracování faktografických informací 1  |b množina unifikovaných údajů, pořizování vstupných dat, tvorba bází dat v systémech SESAM a USS  |c Miloslav Jančařík, Lenka Ptáčková, Sylva Janatová 
264 1 |a Praha  |b Ústředí vědeckých, technických a ekonomických informací  |c 1983 
300 |a 38 s. 
100 1 |a Jančařík, Miloslav 
700 1 |a Ptáčková, Lenka 
700 1 |a Janatová, Sylva